Click the numbers divisible by 4 - Statistics

General Stats
  • This quiz has been taken 29 times
  • The average score is 51 of 75
Answer Stats
Question Tile Select % Correct
numbers divisible by 4 106 No
96%
numbers divisible by 4 12 Yes
96%
numbers divisible by 4 14 No
96%
numbers divisible by 4 22 No
96%
numbers divisible by 4 34 No
96%
numbers divisible by 4 38 No
96%
numbers divisible by 4 42 No
96%
numbers divisible by 4 54 No
96%
numbers divisible by 4 82 No
96%
numbers divisible by 4 84 Yes
96%
numbers divisible by 4 86 No
96%
numbers divisible by 4 124 Yes
91%
numbers divisible by 4 26 No
91%
numbers divisible by 4 28 Yes
91%
numbers divisible by 4 48 Yes
91%
numbers divisible by 4 66 No
91%
numbers divisible by 4 78 No
91%
numbers divisible by 4 32 Yes
87%
numbers divisible by 4 62 No
87%
numbers divisible by 4 98 No
87%
numbers divisible by 4 36 Yes
83%
numbers divisible by 4 56 Yes
83%
numbers divisible by 4 76 Yes
83%
numbers divisible by 4 96 Yes
83%
numbers divisible by 4 92 Yes
78%
numbers divisible by 4 484 Yes
70%
numbers divisible by 4 222 No
65%
numbers divisible by 4 234 No
65%
numbers divisible by 4 310 No
65%
numbers divisible by 4 612 Yes
65%
numbers divisible by 4 822 No
65%
numbers divisible by 4 838 No
65%
numbers divisible by 4 842 No
65%
numbers divisible by 4 848 Yes
65%
numbers divisible by 4 858 No
65%
numbers divisible by 4 874 No
65%
numbers divisible by 4 890 No
65%
numbers divisible by 4 918 No
65%
numbers divisible by 4 932 Yes
65%
numbers divisible by 4 384 Yes
61%
numbers divisible by 4 396 Yes
61%
numbers divisible by 4 456 Yes
61%
numbers divisible by 4 532 Yes
61%
numbers divisible by 4 678 No
61%
numbers divisible by 4 876 Yes
61%
numbers divisible by 4 1234 No
57%
numbers divisible by 4 1266 No
57%
numbers divisible by 4 182 No
57%
numbers divisible by 4 1866 No
57%
numbers divisible by 4 1946 No
57%
numbers divisible by 4 2222 No
57%
numbers divisible by 4 264 Yes
57%
numbers divisible by 4 4334 No
57%
numbers divisible by 4 608 Yes
57%
numbers divisible by 4 6162 No
57%
numbers divisible by 4 672 Yes
57%
numbers divisible by 4 7678 No
57%
numbers divisible by 4 7954 No
57%
numbers divisible by 4 8146 No
57%
numbers divisible by 4 824 Yes
57%
numbers divisible by 4 1724 Yes
52%
numbers divisible by 4 3904 Yes
52%
numbers divisible by 4 7374 No
52%
numbers divisible by 4 8998 No
52%
numbers divisible by 4 3784 Yes
48%
numbers divisible by 4 4176 Yes
48%
numbers divisible by 4 4484 Yes
48%
numbers divisible by 4 6708 Yes
48%
numbers divisible by 4 7172 Yes
48%
numbers divisible by 4 8448 Yes
48%
numbers divisible by 4 9264 Yes
48%
numbers divisible by 4 1496 Yes
43%
numbers divisible by 4 1824 Yes
43%
numbers divisible by 4 1368 Yes
39%
numbers divisible by 4 2692 Yes
35%
No matching quizzes found
Score Distribution
Percent of People with Each Score
Percentile by Number Answered
Your Score History
You have not taken this quiz